000 00598nam a2200241Ia 4500
003 OSt
005 20221005083157.0
006 a|||||r|||| 00| 0
007 ta
008 221004b |||||||| |||| 00| 0 eng d
024 _a68229
037 _cTextual
040 _aCRL
_cCRL
_beng
041 _2eng
_aeng
082 _aX:8, M4
100 _aMurthy D.B.N.
_9469910
245 0 _aOf man and management
260 _aNew Delhi
_bUBSPD India
_c1994
300 _a195p.
_ccm.
650 _aMANAGEMENT
942 _hX:8, M4
_cTEXL
_2cc
999 _c990397
_d990397